00269 a2200109 4500001000700000020000600007040001100013100002700024240005200051245004700103362000900150170438 a  cMagnum aGuimaraes, Maria Anita10aVivencias de maira (historias verdadeiras)lpor10aVivencias de maira (historias verdadeiras)0 a1899